Immigration to France by Country - Statistics

General Stats
  • This quiz has been taken 144 times
  • The average score is 14 of 20
Answer Stats
Population (2024) Country % Correct
1,933,000 Morocco
93%
2,466,000 Algeria
92%
450,000 Italy
89%
1,389,000 Tunisia
88%
303,000 Spain
87%
203,000 Germany
84%
2,000,000 Portugal
84%
442,000 China
80%
273,000 Senegal
75%
1,000,000 Turkey
72%
190,000 India
71%
644,000 D. R. Congo
69%
200,000 Russia
69%
400,000 Mali
68%
1,000,000 Poland
66%
350,000 Vietnam
63%
575,000 Cameroon
55%
300,000 Lebanon
50%
200,000 Laos
33%
500,000 Armenia
20%
No matching quizzes found
Score Distribution
Percent of People with Each Score
Percentile by Number Answered
Your Score History
You have not taken this quiz